| 000 | 00473cam a2200193ua 4500 | ||
|---|---|---|---|
| 001 | 8774 | ||
| 005 | 20260515114357.0 | ||
| 008 | 150214n ii |||gr||||Z||||||eng | ||
| 040 | _cMAIN | ||
| 041 | _aeng | ||
| 082 | _a800 | ||
| 100 |
_aDutta, K., _eAuthor., |
||
| 245 | 1 |
_aSome aspects of the study of literature _cBy Kalyannath Dutta |
|
| 250 | _a4th rev. | ||
| 260 |
_aCalcutta: _bSribhumi, _c1993. |
||
| 300 | _a326p. | ||
| 653 | _aLiterature & rhetoric | ||
| 942 | _cBK | ||
| 999 |
_c7865 _d7865 |
||